000 00937nam a2200241 a 4500
001 40647
003 BD-RjUL
005 20211209053247.0
008 160507s1965 bg ||||| b||| 00| 0 ben d
020 _c: PRs. 2.00
035 _a(BD-RjUL)40762
040 _aBD-RjUL
_bben
_cBD-RjUL
041 _aben
082 _223
_a297.4092
_bROP 1965
100 _aরশীদ, আ . ন . ম .বজলুর
_9125074
245 1 0 _aপাকিস্থানের সূফী-সাধক /
_cআ . ন . ম .বজলুর রশীদ
260 _aঢাকা :
_bজাতীয় পূনর্গঠন সংস্থা,
_c১৯৬৫
300 _a[৮], ১৬৮ পৃ. ;
_c২১ সেমি.
504 _aগ্রন্থপঞ্জী সংযুক্ত ।
650 _aসূফী
_zপাকিস্থান
_9125075
_vজীবনী
650 _aSufis
_zPakistan
_9125076
_vBiography
942 _2ddc
_cBK
999 _c40647
_d40647